Atlas de história de Portugal (Registo nº 2732)

Detalhes MARC
000 -Etiqueta do registo
Cabeçalho 00885nam a22003011 4500
005 - Identificador da versão
Campo de controlo 20240813121943.0
095 ## -
-- PTBN00355832
010 ## - Número internacional normalizado dos livros (ISBN)
Número (ISBN) 9724106004
021 ## - Número do Depósito Legal
Código do país PT
Número 98167/96
100 ## - Dados gerais de processamento
Dados gerais de processamento 19980603d1996 am y0pory5003 ba
102 ## - Pais de publicação ou produção
País de publicação Portugal
101 0# - Língua de publicação
Língua do texto, banda sonora, etc. Português
106 ## - Campo de dados codificados: material textual
Dados codificados do material textual r
105 ## - Campo de dados codificados: livros
Dados codificados dos livros af z 001yy
215 ## - Descrição física 
Indicação específica da natureza do documento e extensão da espécie 95, [2] p., 1 f. desdobr.
Outras indicações físicas muito il.
Dimensões 31 cm
200 1# - Titulo e menção de responsabilidade
Título próprio Atlas de história de Portugal
Primeira menção de responsabilidade A. do Carmo Reis
Outras menções de responsabilidade des. José Garcês
-- mapas de Franklin Bastos
205 ## - Menção da edição
Menção da edição 7ª ed
210 ## - Publicação, Distribuição, etc. 
Lugar da edição, distribuição, etc. Porto
Nome do editor, distribuidor, etc. Asa
Data da publicação, distribuição, etc. 1996
606 ## - Nome comum usado como assunto
Número de registo de entrada de autoridade 0001651
Palavra de ordem História
Subdivisão geográfica Portugal
Subdivisão de assunto Atlas
675 ## - Classificação Decimal Universal (CDU)
Notação 946.9(084.3)
Edição
Língua da edição por
702 #1 - Nome de autor-pessoa física (responsabilidade secundária)
Número de registo de entrada de autoridade 0001650
Palavra de ordem Garcês
Outra parte do nome não tomada para palavra de ordem José
Datas 1928-
Código de função Ilustrador / Técnico de desenho computorizado
Número de registo de entrada de autoridade 0001653
Palavra de ordem Bastos
Outra parte do nome não tomada para palavra de ordem Franklin
Código de função Ilustrador / Técnico de desenho computorizado
700 #1 - Nome de autor-pessoa física (responsabilidade principal)
Número de registo de entrada de autoridade 0001561
Palavra de ordem Reis
Outra parte do nome não tomada para palavra de ordem António do Carmo
Datas 1942-
942 ## - Elementos de entrada adicionados (Koha)
Tipo de item no Koha Livro
Exemplares
Situação do levantamento Origin of item (home branch) (coded) Biblioteca de empréstimo Código de barras Cota Circulation type (not for loan) Tipo de documento Nota do exemplar Damaged status
  Biblioteca Escolar da Coca Maravilhas Biblioteca Escolar da Coca Maravilhas BECM3922/98 9PT REI   Livro Sem mensagem